书目信息 |
| 题名: |
共产主义者同盟
|
|
| 作者: | 米哈伊洛夫 著 ;汤润千 译 | |
| 分册: | ||
| 出版信息: | 北京 三联书店 1976 |
|
| 页数: | 371页 | |
| 开本: | 20cm | |
| 丛书名: | ||
| 单 册: | ||
| 中图分类: | D11 | |
| 科图分类: | ||
| 主题词: | 国际共产主义运动 | |
| 电子资源: | ||
| ISBN: | ||
| 000 | 00657nam0 2200241 45 | |
| 001 | 0176000265 | |
| 005 | 20061030103539.46 | |
| 010 | @dCNY1.10 | |
| 091 | @a11002.474 | |
| 100 | @a19950724d1976 em y0chiy0121 ea | |
| 101 | 0 | @achi |
| 102 | @aCN@b110000 | |
| 105 | @ay z 000yy | |
| 200 | 10 | @a共产主义者同盟@Agong chan zhu yi zhe tong meng@f(苏)N.哈伊洛夫著@g汤润千译 |
| 210 | @a北京@c三联书店@d1976 | |
| 215 | @a371页@d20cm | |
| 606 | 0 | @a国际共产主义运动 |
| 690 | @aD11@v4 | |
| 701 | 1 | @a米哈伊洛夫@Ami ha yi luo fu@bN.@4著 |
| 702 | 0 | @a汤润千@Atang run qian@4译 |
| 801 | 2 | @aCN@bNLC@c20061030 |
| 801 | 0 | @aCN@bTSSF |
| 905 | @a10447@dD11@e27 | |
| 共产主义者同盟/(苏)N.哈伊洛夫著/汤润千译.-北京:三联书店,1976 |
| 371页;20cm |
| ISBN :CNY1.10 |
| ● |
| 相关链接 |
|
|
|
|
正题名:共产主义者同盟
索取号:D11/27
 
预约/预借
| 序号 | 登录号 | 条形码 | 馆藏地/架位号 | 状态 | 备注 |
| 1 | 0177720 | 001011504 | 第一样本阅览室/ [索取号:D11/27] | 在馆 |